| 000 | 00391cam a22001097a 4500 | ||
|---|---|---|---|
| 008 | 180718b1973 xxu||||| |||| 00| 0 eng d | ||
| 082 | _aK63x42 Un3/6 | ||
| 245 |
_aIn working order: a study of industrial discipline _cby Department of Employment, United Kingdom |
||
| 260 |
_aLondon _bHer Majesty's Stationery Office _c1973 |
||
| 300 | _a68+p. | ||
| 700 | _aUnited Kingdom. Department of Employment | ||
| 999 |
_c500666 _d500666 |
||